000 00306nam a22001337a 4500
008 170608b xxu||||| |||| 00| 0 eng d
020 _a9781592602865
041 _aeng
080 _22ND
_a32
100 _a18
101 _aSHP
245 _aTHE CHANGING AMERICAN PRESIDENCY
_cWATERMAN,R
942 _2udc
_cBK
999 _c16465
_d16465